000 00435cam a2200157 i 4500
020 _a047106582X
040 _cDLC
082 0 0 _a332 WIL 1977 A010 Or.
100 1 _aWiley, Robert J.
245 1 0 _aReal estate investment :
_banalysis and strategy /
260 _aNew York :
_bWiley,
_cc1977.
300 _aviii, 374 p. :
_bill. ;
_c25 cm.
500 _a"A Ronald Press publication."
650 0 _aReal estate investment.
942 _cEK
999 _c13737
_d13737